000 00580nam a2200205Ia 4500
005 20240530110158.0
008 140319s1988 xx 000 0 ara d
040 _aGCL /
_cGCL
082 0 4 _a922.1 /
_bم ح
100 _aمحمود شلبى
245 1 0 _aحياة سعد بن معاذ /
250 _aالاولى
260 _aبيروت :
_bدار الجيل،
_c1988
300 _a247 ص؛
_c24 سم
650 7 0 _2الصحابة
650 7 0 _2سعد بن معاذ
650 7 0 _2التراجم
942 _2ddc
_cBK
999 _c59219
_d59219